|
|
|
|
| LEADER |
00000cam a22000004a 4500 |
| 001 |
musev2_2284 |
| 003 |
MdBmJHUP |
| 005 |
20230905040313.0 |
| 006 |
m o d |
| 007 |
cr||||||||nn|n |
| 008 |
070227s2007 alu o 00 0 eng d |
| 010 |
|
|
|z 2007008259
|
| 020 |
|
|
|a 9780817380311
|
| 020 |
|
|
|z 9780817315740
|
| 035 |
|
|
|a (OCoLC)425970117
|
| 040 |
|
|
|a MdBmJHUP
|c MdBmJHUP
|
| 043 |
|
|
|a n-us-al
|
| 050 |
0 |
4 |
|a F330.3.W3
|b F74 2007
|
| 082 |
0 |
|
|a 976.1/063092
|a B
|2 22
|
| 100 |
1 |
|
|a Frederick, Jeff,
|d 1963-
|
| 245 |
1 |
0 |
|a Stand Up for Alabama :
|b Governor George Wallace /
|c Jeff Frederick.
|
| 264 |
|
1 |
|a Tuscaloosa :
|b University of Alabama Press,
|c 2007.
|
| 264 |
|
3 |
|a Baltimore, Md. :
|b Project MUSE,
|c 2012
|
| 264 |
|
4 |
|c ©2007.
|
| 300 |
|
|
|a 1 online resource (503 pages):
|b ill. ;
|
| 336 |
|
|
|a text
|b txt
|2 rdacontent
|
| 337 |
|
|
|a computer
|b c
|2 rdamedia
|
| 338 |
|
|
|a online resource
|b cr
|2 rdacarrier
|
| 504 |
|
|
|a Includes bibliographical references (p. [409]-474) and index.
|
| 505 |
0 |
|
|a Shadows and light -- Reconstruction redux, 1963 -- Sins of omission, sins of commission, 1964 -- Checks and balances, 1965 -- Means to an end, 1966 -- Governor, two governors, or no governor, 1967-1968 -- Crossroads, 1968-1970 -- Turning point, 1970-1972 -- A new reality, 1972-1974 -- Stuck in neutral, 1974-1978 -- The last campaign, 1982-1987 -- Appendix : people interviewed.
|
| 588 |
|
|
|a Description based on print version record.
|
| 600 |
1 |
0 |
|a Wallace, George C.
|q (George Corley),
|d 1919-1998
|x Influence.
|
| 600 |
1 |
0 |
|a Wallace, George C.
|q (George Corley),
|d 1919-1998
|x Political and social views.
|
| 600 |
1 |
0 |
|a Wallace, George C.
|q (George Corley),
|d 1919-1998.
|
| 650 |
|
0 |
|a Political culture
|z Alabama
|x History
|y 20th century.
|
| 650 |
|
0 |
|a Governors
|z Alabama
|v Biography.
|
| 651 |
|
0 |
|a Alabama
|x Politics and government
|y 1951-
|
| 655 |
|
7 |
|a Electronic books.
|2 local
|
| 710 |
2 |
|
|a Project Muse.
|e distributor
|
| 830 |
|
0 |
|a Book collections on Project MUSE.
|
| 856 |
4 |
0 |
|z Texto completo
|u https://projectmuse.uam.elogim.com/book/2284/
|
| 945 |
|
|
|a Project MUSE - Custom Collection
|
| 945 |
|
|
|a Project MUSE - Archive Complete Foundation
|
| 945 |
|
|
|a Project MUSE - Archive US Regional Studies, South Foundation
|